00351nam a2200121 a 450000100100000000500170001000800410002708200210006824500570008926000480014630000220019404000130021600004637620201002052827.0150806s1956 mx 000 0 spa d axxxxxxxbxxxxxxx03aLa declaración de Panama y la realidad Dominicana. aMéxico, :bFraternidad dominicana,c1956. a11 p. : ;c17 cm. aDO-SdBNP